000 00314nam a2200109Ia 4500
008 171211s9999 xx 000 0 und d
245 _aCloud Computing Development Essentials
245 _cEric Frick
260 _c2017
650 _xINFORMATION TECHNOLOGIES
856 _uhttp://down.ebook777.com/064/B06W2HXYXD.pdf
999 _c349690
_d349690